POST HARVEST TECHONOLOGY OF CEREALS , PULSES AND OILSEEDS (Record no. 8135)

MARC details
000 -LEADER
fixed length control field 00498nam a22001817a 4500
005 - DATE AND TIME OF LATEST TRANSACTION
control field 20230110102944.0
008 - FIXED-LENGTH DATA ELEMENTS--GENERAL INFORMATION
fixed length control field 221219b |||||||| |||| 00| 0 eng d
020 ## - INTERNATIONAL STANDARD BOOK NUMBER
ISBN 978-81204-0969-9
041 ## - LANGUAGE CODE
Language code of text/sound track or separate title eng
082 ## - DEWEY DECIMAL CLASSIFICATION NUMBER
Classification number 633.1 CHA-P
100 ## - MAIN ENTRY--AUTHOR NAME
Personal name CHAKRAVERTY,A.
245 ## - TITLE STATEMENT
Title POST HARVEST TECHONOLOGY OF CEREALS , PULSES AND OILSEEDS
250 ## - EDITION STATEMENT
Edition statement 3rd ed.
260 ## - PUBLICATION, DISTRIBUTION, ETC. (IMPRINT)
Place of publication NEW DELHI
Name of publisher CBS PUBLICATIONS & DISTRIBUTORS
Year of publication 2023
300 ## - PHYSICAL DESCRIPTION
Number of Pages 347;P.
650 ## - SUBJECT ADDED ENTRY--TOPICAL TERM
Topical Term AGRICULTURE
942 ## - ADDED ENTRY ELEMENTS (KOHA)
Koha item type Books
Holdings
Lost status Damaged status Collection code Home library Current library Shelving location Date acquired Source of acquisition Cost, normal purchase price Full call number Accession Number Koha item type
    Reference JRU Library JRU Library SHELF-2-C 10/11/2022 LOHIA BOOK INTERNATIONAL 595.00 633.1-CHA-P 27110 Books
    AGRICULTURE JRU Library JRU Library SHELF-43-F 10/11/2022 LOHIA BOOK INTERNATIONAL 595.00 633.1-CHA-P 27111 Books
    AGRICULTURE JRU Library JRU Library SHELF-43-F 10/11/2022 LOHIA BOOK INTERNATIONAL 595.00 633.1-CHA-P 27112 Books
    AGRICULTURE JRU Library JRU Library SHELF-43-F 10/11/2022 LOHIA BOOK INTERNATIONAL 595.00 633.1-CHA-P 27113 Books
    AGRICULTURE JRU Library JRU Library SHELF-43-F 10/11/2022 LOHIA BOOK INTERNATIONAL 595.00 633.1-CHA-P 27114 Books